000 00349pam a2200157a 44500
008 230515b1914 xxu||||| |||| 00| 0 eng d
020 _aNULL
041 _aHINDI
082 _a1
100 _aPADHE
245 _aSART SHRICARAK SAMHITA-1
250 _a1
260 _aSANGALI
_bN.D.
_c1914
300 _a100
650 _aSART SHRICARAK SAMHITA-1
999 _c496969
_d496969